LEADER 01124nam0-22003731i-450 001 990005462160203316 005 20180918160659.0 035 $a000546216 035 $aUSA01000546216 035 $a(ALEPH)000546216USA01 035 $a000546216 100 $a20010829d1982-------|0enac50------ba 101 $aeng 102 $aGB 105 $a|||| ||||| 200 1 $aBalance of payments thory and United Kingdom Experience$fA.P. Thirwall 210 $aLondra$cThe Macmillan Press$d1982 215 $a321p.$d21 cm. 606 $aEconomia internazionale$2FI 620 $dLondon 676 $a382.17$cBilancia dei pagamenti$v21 700 1$aTHIRLWALL,$bA.P.$0613526 712 $aThe Macmillan Press 801 $aIT$bSOL$c20120104 912 $a990005462160203316 950 $aDIP.TO SCIENZE ECONOMICHE - (SA)$dDS 300 382.17 thi$e1398 DISES 951 $a300 382.17 thi$b1398 DISES 959 $aBK 969 $aDISES 979 $c20121027$lUSA01$h1532 979 $c20121027$lUSA01$h1613 996 $aBalance of payments thory and United Kingdom Experience$91127942 997 $aUNISA NUM $aUSA6299 LEADER 00870nam0-2200301 --450 001 9910577501103321 005 20220704113826.0 010 $a9782745321121 100 $a20220704d2011----kmuy0itay5050 ba 101 0 $afre 102 $aFR 105 $a 001yy 200 1 $aAu coeur du langage$ela métaphore$fJoëlle Gardes Tamine 210 $aParis$cChampion$d2011 215 $a258 p.$d24 cm 225 1 $aBibliothèque de grammaire et de linguistique$v35 300 $aIl volume è erroneamente indicato come n° 4 della collezione 676 $a415 676 $a401.43 676 $a808.032 700 1$aGardes-Tamine,$bJoëlle$0391200 801 0$aIT$bUNINA$gREICAT$2UNIMARC 901 $aBK 912 $a9910577501103321 952 $a401.43 GAR 01$b2022/1566$fFLFBC 959 $aFLFBC 996 $aAu coeur du langage$92884190 997 $aUNINA LEADER 00770nam0-22003011i-450 001 990003320950403321 005 20221114112819.0 035 $a000332095 035 $aFED01000332095 035 $a(Aleph)000332095FED01 035 $a000332095 100 $a20030910d1965----km-y0itay50------ba 101 0 $afre 102 $aFR 105 $ay-------001yy 200 1 $aAlain$fBernard Halda 210 $aParis$cEditions Universitaires$d1965 215 $a125 p.$d18 cm 225 1 $aClassiques du 20. siècle$v70 676 $a730 700 1$aHalda,$bBernard$0131166 801 0$aIT$bUNINA$gRICA$2UNIMARC 901 $aBK 912 $a990003320950403321 952 $a730 HAL /1$bLINGUE 664$fDECLI 959 $aDECLI 996 $aAlain$9447770 997 $aUNINA